[Event "London Classic op U2050-A 11th"]
[Site "London"]
[Date "2019.12.01"]
[Round "5"]
[White "Pal, Rohan"]
[Black "Cowan, Xavier"]
[Result "0-1"]
[WhiteElo "1438"]
[BlackElo "1740"]
[PlyCount "86"]
[EventDate "2019.11.29"]
[EventType "swiss"]
[EventRounds "5"]
[EventCountry "ENG"]
[SourceTitle "CBM 195 Extra"]
[Source "ChessBase"]
[SourceDate "2020.05.31"]
[SourceVersion "1"]
[SourceVersionDate "2020.05.31"]
[SourceQuality "1"]

1. e4 c5 2. Nf3 d6 3. d4 cxd4 4. Nxd4 Nf6 5. Nc3 a6 6. Qf3 e6 7. Be2 Be7 8. h3 Qc7 9. Be3 Nbd7 10. 0-0-0 0-0 11. g4 Ne5 12. Qg3 b5 13. f4 Nc4 14. g5 Nd7 15. Bd3 b4 16. Nce2 Nxe3 17. Qxe3 Nc5 18. f5 e5 19. Nb3 Nxd3+ 20. Rxd3 a5 21. Qg3 a4 22. Nd2 Ba6 23. Re3 Rfc8 24. c3 Bxe2 25. Rxe2 bxc3 26. bxc3 Qxc3+ 27. Qxc3 Rxc3+ 28. Kb2 Rac8 29. Rg2 Rc2+ 30. Kb1 Bxg5 31. Rxg5 Rxd2 32. Rhg1 g6 33. fxg6 hxg6 34. h4 Rcc2 35. h5 Rb2+ 36. Kc1 Rdc2+ 37. Kd1 Rh2 38. Kc1 Rxa2 39. Kb1 a3 40. R1g2 Raxg2 41. Rxg2 Rxg2 42. hxg6 fxg6 43. Ka1 Kg7 0-1

[Event "GBR-ch U16 106th"]
[Site "Torquay"]
[Date "2019.08.01"]
[Round "5"]
[White "Rathbone Jones, Ifan"]
[Black "Cowan, Xavier"]
[Result "1-0"]
[WhiteElo "1855"]
[BlackElo "1667"]
[PlyCount "110"]
[EventDate "2019.07.28"]
[EventType "swiss"]
[EventRounds "7"]
[EventCountry "ENG"]
[SourceTitle "EXT 2020"]
[Source "ChessBase"]
[SourceDate "2019.10.17"]
[SourceVersion "1"]
[SourceVersionDate "2019.10.17"]
[SourceQuality "1"]

1. d4 Nf6 2. Bf4 e6 3. Nf3 d5 4. c4 a6 5. e3 dxc4 6. Bxc4 b5 7. Bd3 Bd6 8. Ne5 Bb7 9. Qe2 Nbd7 10. 0-0 0-0 11. Nd2 c5 12. Nxf7 Rxf7 13. Bxd6 c4 14. Bc2 Qb6 15. Bg3 Raf8 16. Rac1 Nd5 17. a3 Ne7 18. f3 g6 19. Bf2 Nf5 20. Rfd1 Nf6 21. Nf1 Rd8 22. Ng3 Rg7 23. Rd2 Rgd7 24. Rcd1 Kh8 25. Qe1 b4 26. axb4 Qxb4 27. Re2 a5 28. Ra1 Ra8 29. Ne4 Nxe4 30. Bxe4 Qb5 31. Bxb7 Rxb7 32. Qc3 Ne7 33. e4 Kg8 34. Rc2 Qb4 35. Qxb4 Rxb4 36. Be1 Rb5 37. Rxc4 Rxb2 38. Rxa5 Rab8 39. Rc1 Re2 40. Bc3 Rc8 41. Kf1 Re3 42. Bd2 Rxc1+ 43. Bxc1 Rd3 44. Bb2 Nc6 45. Ra4 Rd2 46. Bc3 Rc2 47. Ba5 Kf7 48. Bb6 h5 49. Bc5 Rd2 50. h4 Kf6 51. Rc4 Na5 52. Ra4 Nc6 53. Kg1 Kf7 54. Kh2 Kf6 55. d5 Kf7 1-0

[Event "GBR-ch U16 106th"]
[Site "Torquay"]
[Date "2019.07.31"]
[Round "4"]
[White "Gurner, Jem"]
[Black "Cowan, Xavier"]
[Result "0-1"]
[WhiteElo "1851"]
[BlackElo "1667"]
[PlyCount "80"]
[EventDate "2019.07.28"]
[EventType "swiss"]
[EventRounds "7"]
[EventCountry "ENG"]
[SourceTitle "EXT 2020"]
[Source "ChessBase"]
[SourceDate "2019.10.17"]
[SourceVersion "1"]
[SourceVersionDate "2019.10.17"]
[SourceQuality "1"]

1. d4 Nf6 2. c4 c5 3. d5 b5 4. cxb5 a6 5. Nc3 axb5 6. e4 b4 7. Nb5 d6 8. Bc4 g6 9. e5 dxe5 10. d6 Na6 11. Qb3 Be6 12. Bxe6 fxe6 13. Qxe6 Qd7 14. Qxd7+ Nxd7 15. dxe7 Bxe7 16. a4 c4 17. Nf3 0-0 18. 0-0 Nac5 19. Nd2 Rfc8 20. Rd1 Rxa4 21. Rxa4 Nxa4 22. Nf3 Nab6 23. Bd2 Rc5 24. Bxb4 Rxb5 25. Bxe7 Rxb2 26. Kf1 c3 27. Ke1 e4 28. Nd4 Ne5 29. Ba3 Nd3+ 30. Kf1 c2 31. Rc1 Nxc1 32. Bxb2 Nd3 33. Nxc2 Nxb2 34. Ke2 N2c4 35. Ne3 Kf7 36. Ng4 h5 37. Ne3 Kf6 38. f3 exf3+ 39. Kxf3 Nxe3 40. Kxe3 Kf5 0-1

[Event "BCF-ch U14"]
[Site "Hull"]
[Date "2018.07.30"]
[Round "2"]
[White "Cox, Toby"]
[Black "Cowan, Xavier"]
[Result "1/2-1/2"]
[WhiteElo "1479"]
[BlackElo "1619"]
[PlyCount "170"]
[EventDate "2018.07.29"]
[EventType "swiss"]
[EventRounds "7"]
[EventCountry "ENG"]
[SourceTitle "CBM 186 Extra"]
[Source "ChessBase"]
[SourceDate "2018.08.24"]
[SourceVersion "1"]
[SourceVersionDate "2018.08.24"]
[SourceQuality "1"]

1. e4 c5 2. Be2 d6 3. f4 Nc6 4. Nf3 g6 5. c3 Bg7 6. 0-0 e6 7. Qe1 Nge7 8. Na3 0-0 9. Nc2 d5 10. e5 a6 11. d4 c4 12. Ne3 b5 13. Ng4 h5 14. Nf2 Bd7 15. Bd1 a5 16. Bc2 Qb6 17. Kh1 b4 18. g4 b3 19. axb3 cxb3 20. Bd3 hxg4 21. Nxg4 Rfd8 22. Qh4 Kf8 23. Ng5 Ng8 24. Rg1 Bc8 25. Nf6 Bxf6 26. exf6 Nxf6 27. Nxe6+ Bxe6 28. Qxf6 Ne7 29. Qh8+ Ng8 30. f5 Bd7 31. Bh6+ Ke7 32. Rae1+ Kd6 33. fxg6 Nxh6 34. Qxh6 Rh8 35. Qf4+ Kc6 36. gxf7 Qd8 37. Qg5 Qc7 38. Qf6+ Kb7 39. Qe5 Qd8 40. Bf5 Bc6 41. Qe7+ Qxe7 42. Rxe7+ Kb6 43. Be6 Raf8 44. Rg8 a4 45. Rxh8 Rxh8 46. Bd7 a3 47. Bxc6 axb2 48. Re1 Kxc6 49. Rb1 Ra8 50. Rxb2 Rf8 51. Rxb3 Rxf7 52. Kg2 Rg7+ 53. Kf3 Rf7+ 54. Ke3 Re7+ 55. Kd3 Rh7 56. Ra3 Rh3+ 57. Kc2 Rxh2+ 58. Kb3 Kb5 59. Ra8 Kc6 60. Ra6+ Kc7 61. Kb4 Rb2+ 62. Kc5 Rb3 63. Rc6+ Kd7 64. Kxd5 Rb5+ 65. Rc5 Rb6 66. Kc4 Rh6 67. d5 Rh4+ 68. Kb5 Kd6 69. c4 Rh1 70. Rc6+ Kd7 71. Ra6 Kc7 72. Kc5 Kb7 73. Rc6 Rh5 74. Re6 Rh7 75. d6 Rh5+ 76. Kd4 Kc6 77. Kc3 Rh3+ 78. Kb4 Rh4 79. Rg6 Rh5 80. c5 Rh4+ 81. Kc3 Kxc5 82. d7 Rh3+ 83. Kd2 Rh8 84. Ke3 Rd8 85. Rg7 Kd6 1/2-1/2